Russell-Clarke on copyright in industrial designs. (Record no. 481)

MARC details
000 -LEADER
fixed length control field 01002cam a2200313 i 4500
001 - CONTROL NUMBER
control field 4111871
003 - CONTROL NUMBER IDENTIFIER
control field OSt
005 - DATE AND TIME OF LATEST TRANSACTION
control field 20150619155259.0
008 - FIXED-LENGTH DATA ELEMENTS--GENERAL INFORMATION
fixed length control field 750528s1974 enk 000 0 eng
010 ## - LIBRARY OF CONGRESS CONTROL NUMBER
LC control number 75313633
015 ## - NATIONAL BIBLIOGRAPHY NUMBER
National bibliography number GB75-03360
020 ## - INTERNATIONAL STANDARD BOOK NUMBER
International Standard Book Number 0421176008 :
Terms of availability £10.50
040 ## - CATALOGING SOURCE
Original cataloging agency DLC
Transcribing agency DLC
Modifying agency DLC
-- MoSU-L
043 ## - GEOGRAPHIC AREA CODE
Geographic area code e-uk---
050 00 - LIBRARY OF CONGRESS CALL NUMBER
Classification number KD1345
Item number .R87 1974
082 00 - DEWEY DECIMAL CLASSIFICATION NUMBER
Classification number 346.0484 FYS
100 2# - MAIN ENTRY--PERSONAL NAME
Personal name Russell-Clarke, A. D.
Fuller form of name (Alan Daubeny)
9 (RLIN) 1432
245 10 - TITLE STATEMENT
Title Russell-Clarke on copyright in industrial designs.
250 ## - EDITION STATEMENT
Edition statement 5th ed. /
Remainder of edition statement by Michael Fysh.
260 ## - PUBLICATION, DISTRIBUTION, ETC. (IMPRINT)
Place of publication, distribution, etc London :
Name of publisher, distributor, etc Sweet and Maxwell,
Date of publication, distribution, etc 1974.
300 ## - PHYSICAL DESCRIPTION
Extent xxiii, 314 p. ;
Dimensions 26 cm.
500 ## - GENERAL NOTE
General note Previous editions published under title: Copyright in industrial designs.
500 ## - GENERAL NOTE
General note Includes legislation.
650 #0 - SUBJECT ADDED ENTRY--TOPICAL TERM
Topical term or geographic name as entry element Design protection
Geographic subdivision Great Britain.
9 (RLIN) 1433
700 1# - ADDED ENTRY--PERSONAL NAME
Personal name Fysh, Michael.
9 (RLIN) 1434
740 0# - ADDED ENTRY--UNCONTROLLED RELATED/ANALYTICAL TITLE
Uncontrolled related/analytical title Copyright in industrial designs.
906 ## - LOCAL DATA ELEMENT F, LDF (RLIN)
a 7
b cbc
c orignew
d 3
e ncip
f 19
g y-gencatlg
942 ## - ADDED ENTRY ELEMENTS (KOHA)
Source of classification or shelving scheme Dewey Decimal Classification
Koha item type Books

No items available.